Australian Institute of Quantity Surveyors (Record no. 120030)

MARC details
000 -LEADER
fixed length control field 00791cam a2200205 4500
001 - CONTROL NUMBER
control field WS117829
008 - FIXED-LENGTH DATA ELEMENTS--GENERAL INFORMATION
fixed length control field 020503n 000 0 eng u
035 ## - SYSTEM CONTROL NUMBER
System control number (Sirsi) u117829
110 ## - MAIN ENTRY--CORPORATE NAME
Corporate name or jurisdiction name as entry element Australian Institute of Quantity Surveyors
9 (RLIN) 2261
245 ## - TITLE STATEMENT
Title Australian Institute of Quantity Surveyors
520 ## - SUMMARY, ETC.
Summary, etc. Web site for the regulatory body for quantity surveyors in Australia. Includes their code of professional conduct, a directory of members and a definition of quantity surveying.
650 ## - SUBJECT ADDED ENTRY--TOPICAL TERM
Topical term or geographic name entry element AUSTRALIA
650 ## - SUBJECT ADDED ENTRY--TOPICAL TERM
Topical term or geographic name entry element INTERNATIONAL
650 ## - SUBJECT ADDED ENTRY--TOPICAL TERM
Topical term or geographic name entry element ORGANISATION
650 ## - SUBJECT ADDED ENTRY--TOPICAL TERM
Topical term or geographic name entry element QUANTITY SURVEYORS
650 ## - SUBJECT ADDED ENTRY--TOPICAL TERM
Topical term or geographic name entry element CODE OF CONDUCT
690 ## - LOCAL SUBJECT ADDED ENTRY--TOPICAL TERM (OCLC, RLIN)
Topical term or geographic name as entry element BUILT ENVIRONMENT-BUILDING COSTS
856 40 - ELECTRONIC LOCATION AND ACCESS
Uniform Resource Identifier <a href="https://www.aiqs.com.au">https://www.aiqs.com.au</a>
Public note View the website free of charge at www.aiqs.com.au...
942 ## - ADDED ENTRY ELEMENTS (KOHA)
Suppress in OPAC 0
Holdings
Withdrawn status Lost status Source of classification or shelving scheme Damaged status Not for loan Home library Current library Shelving location Date acquired Total Checkouts Full call number Barcode Date last seen Copy number Price effective from Koha item type
    Dewey Decimal Classification     Virtual Virtual Online 03/05/2002   WEB SITE 117829-2001 06/08/2019 1 06/08/2019 Online material